[Event "Liga Madrileña - DH 2014-2015"]
[Site "Madrid ESP"]
[Date "2015.02.22"]
[Round "11.12"]
[White "Rubio Mejia, Luis Ignacio"]
[Black "Nieto de la Cruz, Julio"]
[Result "1-0"]
[WhiteElo "2453"]
[BlackElo "2178"]
[PlyCount "75"]
[EventDate "2014.11.23"]
[EventType "team-tourn"]
[EventRounds "14"]
[EventCountry "ESP"]
[Source "lmi"]
[SourceDate "2014.11.23"]
[WhiteTeam "Virgen de Atocha"]
[BlackTeam "Pueblo Nuevo"]
[WhiteTeamCountry "ESP"]
[BlackTeamCountry "ESP"]

1. d4 Nf6 2. c4 c5 3. d5 b5 4. cxb5 a6 5. bxa6 g6 6. Nc3 Bxa6 7. Nf3 d6 8. e4
Bxf1 9. Kxf1 Bg7 10. g3 O-O 11. Kg2 Nbd7 12. a4 Ra6 13. Ra3 Ng4 14. Nd2 Nde5
15. Qe2 c4 16. f4 Nd3 17. Nxc4 Nxc1 18. Rxc1 h5 19. h3 Nf6 20. b4 e6 21. b5 Ra8
22. Rd1 Re8 23. dxe6 Rxe6 24. Qd3 h4 25. g4 Bf8 26. Ra2 Qc7 27. Ne3 Nd7 28.
Ned5 Qb7 29. a5 Nc5 30. a6 Qb8 31. Qc4 Bg7 32. f5 gxf5 33. exf5 Re3 34. f6 Rg3+
35. Kh2 Bh6 36. Ne7+ Kf8 37. Ncd5 Ne6 38. Rg1 1-0

[Event "Liga Madrileña - DH 2014-2015"]
[Site "Madrid ESP"]
[Date "2015.02.22"]
[Round "11.13"]
[White "Iturbide Arnedo, Oscar"]
[Black "Martinez Martin, David"]
[Result "0-1"]
[WhiteElo "2168"]
[BlackElo "2407"]
[PlyCount "74"]
[EventDate "2014.11.23"]
[EventType "team-tourn"]
[EventRounds "14"]
[EventCountry "ESP"]
[Source "lmi"]
[SourceDate "2014.11.23"]
[WhiteTeam "Pueblo Nuevo"]
[BlackTeam "Virgen de Atocha"]
[WhiteTeamCountry "ESP"]
[BlackTeamCountry "ESP"]

1. e4 e6 2. d4 d5 3. e5 c5 4. c3 Nc6 5. Nf3 Nh6 6. a3 Nf5 7. b4 cxd4 8. cxd4
Bd7 9. Be3 a5 10. b5 Na7 11. a4 Bb4+ 12. Nbd2 Nc8 13. Bd3 Nxe3 14. fxe3 Nb6 15.
O-O Rc8 16. Ra2 Qe7 17. h4 h6 18. g4 Rc3 19. Nb1 Rc7 20. Raf2 Kd8 21. h5 Kc8
22. Nfd2 Be8 23. e4 Kb8 24. exd5 Nxd5 25. Qf3 Nb6 26. Nb3 Nxa4 27. Ra2 Nc3 28.
Nxc3 Rxc3 29. Nxa5 Bxb5 30. Bxb5 Rxf3 31. Rxf3 Bxa5 32. Rxa5 Qb4 33. Rfa3 Qxd4+
34. Kf1 Rd8 35. Ra8+ Kc7 36. Rxd8 Qf4+ 37. Kg2 Qxg4+ 0-1

[Event "Liga Madrileña - DH 2014-2015"]
[Site "Madrid ESP"]
[Date "2015.02.22"]
[Round "11.14"]
[White "Vazquez Torres, Adrian"]
[Black "Navarro Nicolas, Victor Manuel"]
[Result "1/2-1/2"]
[WhiteElo "2198"]
[BlackElo "2156"]
[PlyCount "106"]
[EventDate "2014.11.23"]
[EventType "team-tourn"]
[EventRounds "14"]
[EventCountry "ESP"]
[Source "lmi"]
[SourceDate "2014.11.23"]
[WhiteTeam "Virgen de Atocha"]
[BlackTeam "Pueblo Nuevo"]
[WhiteTeamCountry "ESP"]
[BlackTeamCountry "ESP"]

1. e4 c6 2. d4 d5 3. Nc3 dxe4 4. Nxe4 Bf5 5. Ng3 Bg6 6. h4 h6 7. Nf3 e6 8. h5
Bh7 9. Bd3 Bxd3 10. Qxd3 Nf6 11. Bd2 Be7 12. O-O-O O-O 13. Ne4 Nxe4 14. Qxe4
Qd5 15. Qxd5 cxd5 16. Rde1 Nc6 17. g4 Rac8 18. Kb1 b5 19. Rh3 b4 20. Bf4 a5 21.
Rg3 Bf6 22. Be3 a4 23. Reg1 Kh8 24. g5 hxg5 25. Bxg5 Bxg5 26. Rxg5 Rg8 27. R5g4
f6 28. Nh4 Kh7 29. Ng6 Rc7 30. Re1 Re8 31. Nf4 Rce7 32. c3 bxc3 33. bxc3 Na5
34. Kc2 Nc4 35. Nd3 Rb7 36. Nb4 Nd6 37. Re3 Ne4 38. f3 Nd6 39. Kd3 Rb5 40. Rg2
Nf5 41. Re1 Kg8 42. Reg1 Kf7 43. Nc2 Rb2 44. Ne3 Rxg2 45. Rxg2 Nxe3 46. Kxe3
Rb8 47. Kd3 a3 48. Rc2 e5 49. c4 dxc4+ 50. Rxc4 Rd8 51. Rc7+ Kg8 52. Ra7 Rxd4+
53. Ke3 Kh7 1/2-1/2

[Event "Liga Madrileña - DH 2014-2015"]
[Site "Madrid ESP"]
[Date "2015.02.22"]
[Round "11.15"]
[White "Barez Menendez, Hector"]
[Black "Rodrigo Yanguas, Maria"]
[Result "1/2-1/2"]
[WhiteElo "2144"]
[BlackElo "2184"]
[PlyCount "62"]
[EventDate "2014.11.23"]
[EventType "team-tourn"]
[EventRounds "14"]
[EventCountry "ESP"]
[Source "lmi"]
[SourceDate "2014.11.23"]
[WhiteTeam "Pueblo Nuevo"]
[BlackTeam "Virgen de Atocha"]
[WhiteTeamCountry "ESP"]
[BlackTeamCountry "ESP"]

1. d4 e6 2. Nf3 b6 3. g3 Bb7 4. Bg2 Nf6 5. O-O d5 6. c4 Bd6 7. Nc3 a6 8. Ne5
Nbd7 9. cxd5 Nxd5 10. Nxd5 exd5 11. Nc4 Be7 12. Ne3 Nf6 13. Nf5 O-O 14. Nxe7+
Qxe7 15. Bg5 h6 16. Bxf6 Qxf6 17. Rc1 c6 18. Qb3 Qxd4 19. Rfd1 Qe5 20. Qxb6
Rab8 21. Rc2 Rfe8 22. b3 Re6 23. e3 Bc8 24. Qd4 Qh5 25. Rdc1 Bb7 26. Rc5 Rbe8
27. Qd1 Qg6 28. h4 Rf6 29. Qc2 Qg4 30. Qd1 Qg6 31. Qc2 Qg4 1/2-1/2

[Event "Liga Madrileña - DH 2014-2015"]
[Site "Madrid ESP"]
[Date "2015.02.22"]
[Round "11.16"]
[White "Plazuelo Pascual, Juan"]
[Black "De la Puerta Cresis, Javier"]
[Result "1/2-1/2"]
[WhiteElo "2122"]
[BlackElo "2097"]
[PlyCount "83"]
[EventDate "2014.11.23"]
[EventType "team-tourn"]
[EventRounds "14"]
[EventCountry "ESP"]
[Source "lmi"]
[SourceDate "2014.11.23"]
[WhiteTeam "Virgen de Atocha"]
[BlackTeam "Pueblo Nuevo"]
[WhiteTeamCountry "ESP"]
[BlackTeamCountry "ESP"]

1. e4 c5 2. Nf3 d6 3. d4 cxd4 4. Nxd4 Nf6 5. Nc3 a6 6. Bg5 e6 7. Qf3 Nbd7 8.
O-O-O Be7 9. g4 Qc7 10. Bd2 Nc5 11. g5 Nfd7 12. Qe2 b5 13. f4 b4 14. Nd5 exd5
15. exd5 Nb6 16. Re1 Ra7 17. f5 b3 18. axb3 O-O 19. f6 Bd8 20. fxg7 Kxg7 21. b4
Ncd7 22. Nf5+ Kg8 23. Nh6+ Kg7 24. Nf5+ Kg8 25. Qe4 Ne5 26. Nh6+ Kg7 27. Bd3
Nxd3+ 28. Qxd3 Nc4 29. Bc3+ Ne5 30. Qg3 Re8 31. Rhf1 Qc4 32. h4 Qxd5 33. Qf2
Rc7 34. Kb1 Be6 35. Qf4 Rxc3 36. bxc3 Qa2+ 37. Kc1 Qa3+ 38. Kd2 Nc4+ 39. Kd3
Nb2+ 40. Kd2 Nc4+ 41. Kd3 Nb2+ 42. Kd2 1/2-1/2

[Event "Liga Madrileña - DH 2014-2015"]
[Site "Madrid ESP"]
[Date "2015.02.22"]
[Round "11.21"]
[White "Candela Perez, Jose"]
[Black "Solaesa Navalpotro, Luis Julio"]
[Result "1-0"]
[WhiteElo "2430"]
[BlackElo "2251"]
[PlyCount "86"]
[EventDate "2014.11.23"]
[EventType "team-tourn"]
[EventRounds "14"]
[EventCountry "ESP"]
[Source "lmi"]
[SourceDate "2014.11.23"]
[WhiteTeam "La Casa del Ajedrez"]
[BlackTeam "Moratalaz"]
[WhiteTeamCountry "ESP"]
[BlackTeamCountry "ESP"]

1. d4 Nf6 2. c4 e6 3. Nf3 Bb4+ 4. Nbd2 d5 5. Qa4+ Nc6 6. e3 O-O 7. Bd3 Ne4 8.
O-O f5 9. a3 Be7 10. b4 Bd7 11. Qb3 Be8 12. cxd5 Nxd2 13. Bxd2 exd5 14. b5 Nb8
15. Ba5 b6 16. Bb4 c5 17. bxc6 Nxc6 18. Bxe7 Nxe7 19. Ne5 f4 20. e4 Kh8 21.
exd5 Qxd5 22. Qb4 Bc6 23. f3 Qd8 24. Be4 Bd5 25. Rac1 a5 26. Qb2 Nf5 27. Bxf5
Rxf5 28. Rc2 Qd6 29. Rfc1 Rff8 30. Rc7 Rfd8 31. R1c6 Qf8 32. Rxb6 Rab8 33. Rxb8
Rxb8 34. Qc1 Qf5 35. h3 Rb1 36. Rc8+ Qxc8 37. Qxb1 g6 38. Qb5 Qc1+ 39. Kh2 Qe1
40. Qe8+ Kg7 41. Qe7+ Kg8 42. Qg5 a4 43. Nd3 Qe3 1-0

[Event "Liga Madrileña - DH 2014-2015"]
[Site "Madrid ESP"]
[Date "2015.02.22"]
[Round "11.22"]
[White "Fraga Castro, Jose Carlos"]
[Black "Bass, Leonid"]
[Result "1/2-1/2"]
[WhiteElo "2174"]
[BlackElo "2391"]
[PlyCount "92"]
[EventDate "2014.11.23"]
[EventType "team-tourn"]
[EventRounds "14"]
[EventCountry "ESP"]
[Source "lmi"]
[SourceDate "2014.11.23"]
[WhiteTeam "Moratalaz"]
[BlackTeam "La Casa del Ajedrez"]
[WhiteTeamCountry "ESP"]
[BlackTeamCountry "ESP"]

1. b3 e5 2. Bb2 Nc6 3. e3 Nf6 4. c4 Bd6 5. d3 O-O 6. Nd2 Bb4 7. a3 Bxd2+ 8.
Qxd2 d5 9. Nf3 d4 10. e4 a5 11. Be2 Qe7 12. O-O Nd7 13. a4 Nb4 14. Ba3 c5 15.
Ne1 Ra6 16. g3 Rh6 17. Bg4 Nf6 18. Bxc8 Rxc8 19. f3 Nd7 20. Qg2 Qe6 21. Bc1 Rg6
22. f4 exf4 23. Bxf4 Ne5 24. Bxe5 Qxe5 25. Rf5 Qe7 26. Qe2 Re6 27. Qd2 g6 28.
Rf2 Rf8 29. Ng2 Re5 30. Raf1 f6 31. Nf4 Kg7 32. Nd5 Nxd5 33. cxd5 b6 34. Qc2
Qd6 35. Qd2 Ree8 36. Qf4 Qxf4 37. gxf4 Rd8 38. f5 g5 39. Kg2 Kf7 40. Kf3 Ke7
41. Kg4 Kd6 42. Ra2 Ke5 43. Rc2 Rd7 44. Ra2 h5+ 45. Kg3 Rb8 46. Rc2 Ra7 1/2-1/2

[Event "Liga Madrileña - DH 2014-2015"]
[Site "Madrid ESP"]
[Date "2015.02.22"]
[Round "11.23"]
[White "Elguezabal Varela, Daniel"]
[Black "Cortes Jurado, Rafael"]
[Result "1-0"]
[WhiteElo "2356"]
[BlackElo "2058"]
[PlyCount "83"]
[EventDate "2014.11.23"]
[EventType "team-tourn"]
[EventRounds "14"]
[EventCountry "ESP"]
[Source "lmi"]
[SourceDate "2014.11.23"]
[WhiteTeam "La Casa del Ajedrez"]
[BlackTeam "Moratalaz"]
[WhiteTeamCountry "ESP"]
[BlackTeamCountry "ESP"]

1. d4 Nf6 2. Nf3 g6 3. Bg5 Bg7 4. Nbd2 d5 5. e3 O-O 6. Bd3 c5 7. c3 b6 8. O-O
Ba6 9. Bxa6 Nxa6 10. Qa4 Nc7 11. Rad1 Qe8 12. Qa3 Nb5 13. Qa6 cxd4 14. exd4 Nd6
15. Rfe1 e6 16. Bf4 Nf5 17. h3 Qc8 18. Qd3 Qb7 19. Be5 Nd7 20. Bxg7 Nxg7 21.
Nf1 b5 22. Ng3 b4 23. cxb4 Qxb4 24. Re2 Rac8 25. Rc2 Nb6 26. Rdc1 Rxc2 27. Qxc2
h5 28. a3 Qb5 29. Qd2 Kh7 30. Rc5 Qb3 31. Rc3 Qb5 32. b3 a5 33. a4 Qb4 34. Qc2
Nf5 35. Nxf5 exf5 36. Rc7 Kg7 37. Qc6 Na8 38. Rb7 Qa3 39. Ng5 Kh6 40. Rxf7 Rxf7
41. Nxf7+ Kg7 42. Ne5 1-0

[Event "Liga Madrileña - DH 2014-2015"]
[Site "Madrid ESP"]
[Date "2015.02.22"]
[Round "11.24"]
[White "Garcia Ruido, Ricardo"]
[Black "Madina Yadarola, Martin"]
[Result "1/2-1/2"]
[WhiteElo "2053"]
[BlackElo "2281"]
[PlyCount "123"]
[EventDate "2014.11.23"]
[EventType "team-tourn"]
[EventRounds "14"]
[EventCountry "ESP"]
[Source "lmi"]
[SourceDate "2014.11.23"]
[WhiteTeam "Moratalaz"]
[BlackTeam "La Casa del Ajedrez"]
[WhiteTeamCountry "ESP"]
[BlackTeamCountry "ESP"]

1. e4 d6 2. d4 Nf6 3. Nc3 c6 4. f4 Qa5 5. Bd3 e5 6. dxe5 dxe5 7. f5 Na6 8. Nf3
Nc5 9. O-O Nxd3 10. Qxd3 b6 11. Nd1 Ba6 12. c4 Rd8 13. Qc2 Qc5+ 14. Ne3 Rd4 15.
Qa4 Bb5 16. Qxa7 Rxc4 17. Qb8+ Ke7 18. Rd1 Rd4 19. Nxd4 exd4 20. b4 Nd7 21.
Qxf8+ Rxf8 22. bxc5 dxe3 23. Bxe3 bxc5 24. a4 Ba6 25. Bf4 Ra8 26. Kf2 Ke8 27.
Rdc1 c4 28. Ke3 Nc5 29. Ra3 f6 30. Rcc3 Kd7 31. Kf3 Nd3 32. Ra2 c5 33. a5 Kc6
34. Ra1 Ra7 35. Bd2 Rb7 36. Rc2 Rb3 37. Rc3 Rb2 38. Bf4 g6 39. fxg6 hxg6 40.
Rd1 Ne5+ 41. Kg3 Ra2 42. Bd2 Nd3 43. h4 Kd6 44. Bf4+ Ke6 45. Bc7 Ra4 46. Rf1
Bb7 47. Bd8 Bxe4 48. Rxf6+ Kd7 49. Bb6 Ra2 50. Rxc4 Rxg2+ 51. Kh3 Re2 52. Rxe4
Rxe4 53. a6 Nf4+ 54. Kh2 Nd5 55. a7 Nxb6 56. Rxb6 Rxh4+ 57. Kg3 Ra4 58. Rxg6
Kc7 59. Kf3 Rxa7 60. Rg7+ Kb6 61. Rxa7 Kxa7 62. Ke4 1/2-1/2

[Event "Liga Madrileña - DH 2014-2015"]
[Site "Madrid ESP"]
[Date "2015.02.22"]
[Round "11.25"]
[White "Guadamuro Torrente, Anabel"]
[Black "Mansilla Tolosa, Luis Eduardo"]
[Result "1/2-1/2"]
[WhiteElo "2191"]
[BlackElo "2053"]
[PlyCount "124"]
[EventDate "2014.11.23"]
[EventType "team-tourn"]
[EventRounds "14"]
[EventCountry "ESP"]
[Source "lmi"]
[SourceDate "2014.11.23"]
[WhiteTeam "La Casa del Ajedrez"]
[BlackTeam "Moratalaz"]
[WhiteTeamCountry "ESP"]
[BlackTeamCountry "ESP"]

1. e4 c5 2. d3 g6 3. g3 Bg7 4. Bg2 e6 5. f4 Ne7 6. Nf3 d5 7. Nbd2 Nbc6 8. O-O
O-O 9. e5 f6 10. exf6 Bxf6 11. Re1 Qd6 12. Qe2 Bd7 13. c3 Rae8 14. Ne5 Nf5 15.
Ndf3 Qe7 16. Bd2 Nd6 17. Bh3 Bc8 18. Be3 Nf5 19. Bf2 Nxe5 20. fxe5 Bg7 21. g4
Nh6 22. Bh4 Qc7 23. Rf1 Bd7 24. Rae1 Nf7 25. Bg3 Bb5 26. Qe3 b6 27. Rf2 Bh6 28.
g5 Bg7 29. d4 Qe7 30. Bf1 Bxf1 31. Rexf1 Nd8 32. Nd2 Nc6 33. a3 cxd4 34. cxd4
Qd7 35. Rxf8+ Rxf8 36. Rxf8+ Kxf8 37. Bf2 Ne7 38. Qf3+ Nf5 39. Qc3 Ke8 40. h4
Ne7 41. Nf3 Qc6 42. Qxc6+ Nxc6 43. Kf1 Na5 44. Be1 Nc4 45. Bc3 Kd7 46. Ke2 h6
47. Ne1 hxg5 48. hxg5 Bf8 49. Nf3 b5 50. Nh4 Be7 51. Nxg6 Bxg5 52. Nf8+ Ke7 53.
Bb4+ Kf7 54. b3 Nb6 55. Bc5 Be7 56. Bxe7 Kxe7 57. Ng6+ Kd7 58. Nf8+ Ke7 59.
Ng6+ Kf7 60. Nf4 a5 61. Nd3 a4 62. bxa4 bxa4 1/2-1/2

[Event "Liga Madrileña - DH 2014-2015"]
[Site "Madrid ESP"]
[Date "2015.02.22"]
[Round "11.26"]
[White "Cobo Diego, Fidel"]
[Black "Collado Barbas, Laura"]
[Result "1-0"]
[WhiteElo "2035"]
[BlackElo "2132"]
[PlyCount "109"]
[EventDate "2014.11.23"]
[EventType "team-tourn"]
[EventRounds "14"]
[EventCountry "ESP"]
[Source "lmi"]
[SourceDate "2014.11.23"]
[WhiteTeam "Moratalaz"]
[BlackTeam "La Casa del Ajedrez"]
[WhiteTeamCountry "ESP"]
[BlackTeamCountry "ESP"]

1. e4 e6 2. d4 d5 3. Nc3 Nc6 4. Nf3 Nf6 5. e5 Ne4 6. Ne2 f6 7. Ng3 Be7 8. Bd3
f5 9. c3 O-O 10. Ne2 Qe8 11. h4 Nd8 12. Nf4 c5 13. Be3 cxd4 14. cxd4 Nc6 15.
Rc1 Bb4+ 16. Kf1 a6 17. g3 Bd7 18. Kg2 Be7 19. Ng1 g5 20. hxg5 Nxg5 21. Ngh3 h6
22. Ng1 Kh7 23. Nf3 Nf7 24. Ne2 Rg8 25. Rh5 Qf8 26. Qh1 Qg7 27. Qh2 Rh8 28. Rh1
Kg8 29. Bxh6 Rxh6 30. Rxh6 Qxh6 31. Qxh6 Nxh6 32. Rxh6 Kg7 33. Rh1 Nb4 34. Bb1
Rc8 35. Rc1 Nc6 36. Nf4 Bd8 37. Rd1 Bb6 38. Nh5+ Kg6 39. Nf6 Rd8 40. g4 Bc8 41.
gxf5+ exf5 42. Kg3 Kg7 43. Kf4 Ne7 44. Rg1+ Ng6+ 45. Ke3 Kf7 46. Ng5+ Ke7 47.
f4 Nf8 48. Ng8+ Ke8 49. Nh6 Ke7 50. Bxf5 Nd7 51. Bd3 Rf8 52. Nf5+ Ke8 53. Nd6+
Ke7 54. Rh1 Rg8 55. Rh7+ 1-0

[Event "Liga Madrileña - DH 2014-2015"]
[Site "Madrid ESP"]
[Date "2015.02.22"]
[Round "11.31"]
[White "Espinosa Aranda, Angel"]
[Black "Vazquez Igarza, Renier"]
[Result "1/2-1/2"]
[WhiteElo "2399"]
[BlackElo "2597"]
[PlyCount "64"]
[EventDate "2014.11.23"]
[EventType "team-tourn"]
[EventRounds "14"]
[EventCountry "ESP"]
[Source "lmi"]
[SourceDate "2014.11.23"]
[WhiteTeam "64 Villalba"]
[BlackTeam "Collado Villalba"]
[WhiteTeamCountry "ESP"]
[BlackTeamCountry "ESP"]

1. e4 c5 2. Nf3 g6 3. d4 cxd4 4. Nxd4 Nc6 5. c4 Nf6 6. Nc3 Bg7 7. Be3 d6 8. Be2
O-O 9. O-O Bd7 10. Qd2 Nxd4 11. Bxd4 Bc6 12. Bd3 a5 13. Rae1 a4 14. Nd5 Nd7 15.
Bxg7 Kxg7 16. Re3 e5 17. Rh3 h5 18. Ne3 Rh8 19. Nd1 Nc5 20. Nc3 Ne6 21. Rd1 Qb6
22. Bf1 Rad8 23. Rd3 Nd4 24. Kh1 h4 25. h3 Qb4 26. Ne2 Qxd2 27. R3xd2 Nxe2 28.
Bxe2 Bxe4 29. f3 Bc6 30. Rxd6 Rxd6 31. Rxd6 Rc8 32. Kg1 Kf8 1/2-1/2

[Event "Liga Madrileña - DH 2014-2015"]
[Site "Madrid ESP"]
[Date "2015.02.22"]
[Round "11.32"]
[White "Arribas Lopez, Angel"]
[Black "Longa Yauca, Javier"]
[Result "1/2-1/2"]
[WhiteElo "2537"]
[BlackElo "2284"]
[PlyCount "84"]
[EventDate "2014.11.23"]
[EventType "team-tourn"]
[EventRounds "14"]
[EventCountry "ESP"]
[Source "lmi"]
[SourceDate "2014.11.23"]
[WhiteTeam "Collado Villalba"]
[BlackTeam "64 Villalba"]
[WhiteTeamCountry "ESP"]
[BlackTeamCountry "ESP"]

1. e4 e5 2. Nf3 Nc6 3. d4 exd4 4. Nxd4 Bc5 5. Nb3 Bb6 6. Nc3 d6 7. a4 a5 8. Nd5
Ba7 9. Bb5 Nf6 10. Qe2 Nd7 11. Qg4 Kf8 12. Qg3 Nde5 13. Be3 h5 14. Bxa7 Nxa7
15. Be2 Nac6 16. f4 Ng4 17. Qc3 Be6 18. h3 Nf6 19. Nxf6 Qxf6 20. Qxf6 gxf6 21.
Nd2 f5 22. c3 Re8 23. exf5 Bxf5 24. Kf2 h4 25. Rhe1 Kg7 26. Bb5 Re6 27. Nc4 Ra8
28. Ne3 Be4 29. Bc4 Rf6 30. Ng4 Rxf4+ 31. Ke3 Rxg4 32. hxg4 Bxg2 33. Kf2 h3 34.
Bf1 Ne5 35. Kg3 Rg8 36. Bxg2 hxg2 37. Kxg2 Kf8 38. Kh3 Nxg4 39. Rg1 Nf2+ 40.
Kh2 Rh8+ 41. Kg3 Nd3 42. Rad1 Ne5 1/2-1/2

[Event "Liga Madrileña - DH 2014-2015"]
[Site "Madrid ESP"]
[Date "2015.02.22"]
[Round "11.33"]
[White "Napoli, Nicolo"]
[Black "Moreno Ruiz, Javier"]
[Result "1-0"]
[WhiteElo "2270"]
[BlackElo "2470"]
[PlyCount "103"]
[EventDate "2014.11.23"]
[EventType "team-tourn"]
[EventRounds "14"]
[EventCountry "ESP"]
[Source "lmi"]
[SourceDate "2014.11.23"]
[WhiteTeam "64 Villalba"]
[BlackTeam "Collado Villalba"]
[WhiteTeamCountry "ESP"]
[BlackTeamCountry "ESP"]

1. e4 e6 2. d4 d5 3. e5 c5 4. Nf3 cxd4 5. Bd3 Nc6 6. O-O f6 7. Re1 fxe5 8. Nxe5
Nxe5 9. Rxe5 Nf6 10. Bb5+ Kf7 11. Qxd4 Bd6 12. Re1 Qc7 13. Nd2 a6 14. Ba4 Bc5
15. Qh4 g5 16. Qh3 Rg8 17. Bb3 g4 18. Qg3 Qxg3 19. hxg3 Bd7 20. c3 h5 21. Nf1
Rh8 22. Be3 b6 23. Rad1 a5 24. Bd4 a4 25. Bc2 a3 26. b3 Rac8 27. Be5 Bb5 28.
Ne3 Rhd8 29. Bd3 Bxd3 30. Rxd3 Nd7 31. Nc2 Nxe5 32. Rxe5 Rh8 33. b4 Be7 34.
Rde3 Rh6 35. Nd4 Bf6 36. Rxe6 Bxd4 37. Re7+ Kf8 38. cxd4 Rf6 39. Rb7 Rc1+ 40.
Kh2 Rxf2 41. Rxa3 Rc8 42. Raa7 Rd2 43. a4 Rxd4 44. Rxb6 Rdc4 45. b5 Rd8 46.
Rbb7 d4 47. a5 d3 48. Rh7 Kg8 49. Rag7+ Kf8 50. Rh8+ Kxg7 51. Rxd8 Rc5 52. a6
1-0

[Event "Liga Madrileña - DH 2014-2015"]
[Site "Madrid ESP"]
[Date "2015.02.22"]
[Round "11.34"]
[White "Ortega Ruiz, Jose Miguel"]
[Black "Lopez del Alamo, Antonio"]
[Result "1/2-1/2"]
[WhiteElo "2339"]
[BlackElo "2260"]
[PlyCount "90"]
[EventDate "2014.11.23"]
[EventType "team-tourn"]
[EventRounds "14"]
[EventCountry "ESP"]
[Source "lmi"]
[SourceDate "2014.11.23"]
[WhiteTeam "Collado Villalba"]
[BlackTeam "64 Villalba"]
[WhiteTeamCountry "ESP"]
[BlackTeamCountry "ESP"]

1. d4 Nf6 2. c4 g6 3. Nc3 Bg7 4. e4 d6 5. Nf3 O-O 6. Be2 e5 7. dxe5 dxe5 8.
Qxd8 Rxd8 9. Bg5 Nbd7 10. O-O-O Rf8 11. Ne1 c6 12. Be3 Re8 13. Nc2 Nf8 14. Rd2
Ne6 15. Rhd1 c5 16. f3 Nd4 17. Nd5 Nxd5 18. cxd5 Bd7 19. Kb1 f5 20. Nxd4 exd4
21. Bg5 fxe4 22. fxe4 h6 23. Bf4 Rxe4 24. Bd6 b6 25. Bd3 Bf5 26. Bxe4 Bxe4+ 27.
Ka1 Rd8 28. Re1 Bf5 29. Be5 Re8 30. Bg3 Rxe1+ 31. Bxe1 c4 32. Bf2 d3 33. Kb1 b5
34. a3 a5 35. Bc5 Kf7 36. Kc1 Ke8 37. Rd1 h5 38. Re1+ Kd8 39. Bb6+ Kd7 40. Bxa5
Kd6 41. Re8 Kxd5 42. Rd8+ Kc6 43. Bc3 Bh6+ 44. Bd2 Bg7 45. Bc3 Bh6+ 1/2-1/2

[Event "Liga Madrileña - DH 2014-2015"]
[Site "Madrid ESP"]
[Date "2015.02.22"]
[Round "11.35"]
[White "Martinez Alvira, Santiago"]
[Black "Bermejo Arruego, Luis"]
[Result "0-1"]
[WhiteElo "2006"]
[BlackElo "2174"]
[PlyCount "46"]
[EventDate "2014.11.23"]
[EventType "team-tourn"]
[EventRounds "14"]
[EventCountry "ESP"]
[Source "lmi"]
[SourceDate "2014.11.23"]
[WhiteTeam "64 Villalba"]
[BlackTeam "Collado Villalba"]
[WhiteTeamCountry "ESP"]
[BlackTeamCountry "ESP"]

1. Nf3 c5 2. g3 Nc6 3. Bg2 d6 4. O-O e5 5. d3 g6 6. e4 Bg7 7. Nc3 Nge7 8. Nd2
h5 9. Nc4 Bg4 10. f3 Be6 11. Ne3 h4 12. f4 Qd7 13. Ncd5 hxg3 14. f5 gxh2+ 15.
Kh1 gxf5 16. Nxf5 Bxf5 17. exf5 Nxd5 18. Bxd5 O-O-O 19. Bg5 Rdg8 20. c3 Bf8 21.
Qd2 Rh5 22. Be3 Ne7 23. Bxf7 Qc6+ 0-1

[Event "Liga Madrileña - DH 2014-2015"]
[Site "Madrid ESP"]
[Date "2015.02.22"]
[Round "11.41"]
[White "Bolado Saez, Sergio"]
[Black "Valles Moreno, Ivan"]
[Result "1-0"]
[WhiteElo "2358"]
[BlackElo "2391"]
[PlyCount "77"]
[EventDate "2014.11.23"]
[EventType "team-tourn"]
[EventRounds "14"]
[EventCountry "ESP"]
[Source "lmi"]
[SourceDate "2014.11.23"]
[WhiteTeam "Blanco y Negro"]
[BlackTeam "Liberty Chess"]
[WhiteTeamCountry "ESP"]
[BlackTeamCountry "ESP"]

1. d4 Nf6 2. c4 g6 3. f3 Bg7 4. e4 d6 5. Be3 O-O 6. Ne2 a6 7. Nbc3 Nc6 8. Rc1
e6 9. Qd2 Re8 10. Nd1 d5 11. e5 Nd7 12. c5 f6 13. f4 Rf8 14. Nf2 a5 15. h4 Ne7
16. h5 b6 17. hxg6 hxg6 18. cxb6 cxb6 19. g4 Rf7 20. Nc3 fxe5 21. fxe5 Nc6 22.
Nb5 Ndxe5 23. dxe5 Nxe5 24. Be2 Ba6 25. a4 Bxb5 26. axb5 Qf6 27. Rh3 Raf8 28.
Bxb6 Nd7 29. Rf3 Qh4 30. Rxf7 Rxf7 31. Rc8+ Kh7 32. Bd4 Ne5 33. Qe3 Rxf2 34.
Qxf2 Qh1+ 35. Qf1 Qh4+ 36. Bf2 Qh2 37. Qg1 Qf4 38. Be3 Qb4+ 39. Bd2 1-0

[Event "Liga Madrileña - DH 2014-2015"]
[Site "Madrid ESP"]
[Date "2015.02.22"]
[Round "11.42"]
[White "Perez Gonzalez, Jose Manuel"]
[Black "Renteria Becerra, Jorge Elicer"]
[Result "1/2-1/2"]
[WhiteElo "2349"]
[BlackElo "2253"]
[PlyCount "115"]
[EventDate "2014.11.23"]
[EventType "team-tourn"]
[EventRounds "14"]
[EventCountry "ESP"]
[Source "lmi"]
[SourceDate "2014.11.23"]
[WhiteTeam "Liberty Chess"]
[BlackTeam "Blanco y Negro"]
[WhiteTeamCountry "ESP"]
[BlackTeamCountry "ESP"]

1. e4 g6 2. d4 Bg7 3. Nc3 d5 4. exd5 Nf6 5. Bc4 Nbd7 6. Qf3 Nb6 7. Bb3 a5 8. a4
O-O 9. h3 Bd7 10. Nge2 c6 11. O-O Nbxd5 12. Nxd5 cxd5 13. Bxd5 Nxd5 14. Qxd5
Bc6 15. Qxd8 Rfxd8 16. c3 b5 17. axb5 Bxb5 18. Re1 a4 19. Bg5 f6 20. Bf4 e5 21.
dxe5 fxe5 22. Bg5 Rdb8 23. Be7 Rb7 24. Ba3 Rd7 25. Ng3 Rd3 26. Rad1 Rad8 27.
Rxd3 Rxd3 28. Ne4 Bc6 29. f3 h5 30. Nd6 g5 31. Ne4 g4 32. hxg4 hxg4 33. fxg4
Kh7 34. Kf2 Kg6 35. Be7 Rd7 36. Bc5 Bh6 37. g5 Bg7 38. Re2 Kf5 39. Ke3 Rd1 40.
Rf2+ Kg6 41. Nd2 Re1+ 42. Re2 Rxe2+ 43. Kxe2 Bxg2 44. Be3 Kf5 45. Nc4 Bc6 46.
Kd2 Bf8 47. Nb6 a3 48. bxa3 Bxa3 49. Nc8 Bb7 50. Na7 Be7 51. Nb5 Bc6 52. c4
Bxg5 53. Bxg5 Kxg5 54. Ke3 Kf5 55. Na7 Bb7 56. c5 Ke6 57. c6 Bxc6 58. Nxc6
1/2-1/2

[Event "Liga Madrileña - DH 2014-2015"]
[Site "Madrid ESP"]
[Date "2015.02.22"]
[Round "11.43"]
[White "Garrido Olivares, Ricard"]
[Black "Sanchez Gonzalez, Sergio"]
[Result "1-0"]
[WhiteElo "2181"]
[BlackElo "2298"]
[PlyCount "113"]
[EventDate "2014.11.23"]
[EventType "team-tourn"]
[EventRounds "14"]
[EventCountry "ESP"]
[Source "lmi"]
[SourceDate "2014.11.23"]
[WhiteTeam "Blanco y Negro"]
[BlackTeam "Liberty Chess"]
[WhiteTeamCountry "ESP"]
[BlackTeamCountry "ESP"]

1. c4 Nf6 2. g3 c6 3. Bg2 d5 4. Nf3 Bg4 5. Ne5 Bh5 6. cxd5 Nxd5 7. Nc3 e6 8. d4
Nd7 9. Nxd5 exd5 10. Nxd7 Qxd7 11. Bf4 Bb4+ 12. Bd2 Bd6 13. Qb3 O-O 14. e3 a5
15. O-O a4 16. Qd3 Be7 17. Bc3 Bg6 18. Qd2 Rfe8 19. Bb4 Bf6 20. Rfe1 h5 21. h4
Qg4 22. Qd1 b6 23. Qxg4 hxg4 24. Rac1 Rac8 25. Red1 Be4 26. Bxe4 Rxe4 27. a3
Re6 28. Rc2 g5 29. hxg5 Bxg5 30. Kg2 Kg7 31. Rh1 Kg6 32. Kf1 c5 33. dxc5 Rec6
34. Ke2 bxc5 35. Rhc1 Be7 36. Bc3 Kf5 37. Kd3 Rb8 38. Rh1 Rb3 39. Rh5+ Ke6 40.
Ke2 d4 41. Bxd4 f6 42. Bc3 Bd6 43. Rd2 c4 44. Ra5 Be5 45. Bxe5 fxe5 46. Rxa4
Kf5 47. Rc2 Rc5 48. Rb4 Rxb4 49. axb4 Rc6 50. Kd2 Ke4 51. b3 Rd6+ 52. Kc3 cxb3
53. Kxb3 Kd3 54. b5 Rd5 55. Rc3+ Ke2 56. Kc4 Rd2 57. b6 1-0